|
|
|
|
| LEADER |
00000nam0a2200000 4500 |
| 001 |
255168 |
| 005 |
20231101233012.0 |
| 035 |
|
|
|a (RuTPU)RU\TPU\book\277671
|
| 090 |
|
|
|a 255168
|
| 100 |
|
|
|a 20140326d1969 k y0rusy50 ca
|
| 101 |
0 |
|
|a rus
|
| 102 |
|
|
|a RU
|
| 105 |
|
|
|a a z 001zy
|
| 200 |
1 |
|
|a Теория надежности и массовое обслуживание
|e [сборник статей]
|f Академия наук СССР (АН СССР), Отделение механики и процессов управления ; под ред. Б. В. Гнеденко
|
| 210 |
|
|
|a Москва
|c Наука
|d 1969
|
| 215 |
|
|
|a 302 с.
|c ил.
|
| 320 |
|
|
|a Библиогр. в конце ст.
|
| 606 |
1 |
|
|a Массового обслуживания теория
|2 stltpush
|3 (RuTPU)RU\TPU\subj\41145
|9 60962
|
| 606 |
1 |
|
|a Надежность
|x Теория
|2 stltpush
|3 (RuTPU)RU\TPU\subj\44771
|9 64051
|
| 610 |
1 |
|
|a сложные системы
|
| 610 |
1 |
|
|a резервированные системы
|
| 610 |
1 |
|
|a технические системы
|
| 610 |
1 |
|
|a контроль
|
| 610 |
1 |
|
|a профилактика
|
| 610 |
1 |
|
|a теория надежности
|
| 610 |
1 |
|
|a расчеты
|
| 610 |
1 |
|
|a массовое обслуживание
|
| 610 |
1 |
|
|a задачи
|
| 675 |
|
|
|a 519.872
|v 3
|
| 675 |
|
|
|a 62-192
|v 3
|
| 702 |
|
1 |
|a Гнеденко
|b Б. В.
|4 340
|
| 712 |
0 |
2 |
|a Академия наук СССР (АН СССР)
|b Отделение механики и процессов управления
|2 stltpush
|3 (RuTPU)RU\TPU\col\722
|
| 801 |
|
1 |
|a RU
|b 63413507
|c 20140326
|
| 801 |
|
2 |
|a RU
|b 63413507
|c 20140401
|g RCR
|
| 942 |
|
|
|c BK
|